| 000 | 00630nam a22001937a 4500 | ||
|---|---|---|---|
| 005 | 20260702114840.0 | ||
| 010 | _aENG-148962 | ||
| 020 |
_a9789393219190 _c700.00 |
||
| 035 | _aEN-132494 | ||
| 037 | _bDBAD | ||
| 082 |
_a823.914 _21 |
||
| 100 |
_aSinghal, Suresh _989493 |
||
| 245 |
_aAnita Desai's Existentialist Vision: _bThe Camusian Perspective/ _cSuresh Singhal |
||
| 250 | _a1 | ||
| 260 |
_aDelhi _bRising Stars _c2022 |
||
| 270 |
_a600/5-A, Adarsh Mohalla, Gali No.-15, Maujpur _bDelhi _e110053 _k9891985727 _mPushpenderkumar163@gmail.com |
||
| 300 |
_a302p. _c22cm(hb) |
||
| 942 |
_2ddc _cEN _h823.914 _mSIN |
||
| 999 |
_c216831 _d216831 |
||